Statistics for South American Animals by Picture

Click here to take the quiz!

General Stats

  • This quiz has been taken 100 times
    (96 since last reset)
  • The average score is 9 of 12

Answer Stats

Answer% Correct
Jaguar
96%
Anaconda
87%
Blue-and-Gold Macaw
87%
Llama
84%
Galapagos Tortoise
83%
Mango-Breasted Hummingbird
82%
Capybara
80%
Cavy
78%
Squirrel Monkey
70%
Cotton Top Tamarin
67%
Ocelot
63%
Emporer Tamarin
53%

Score Distribution

Percentile by Number Answered

Percent of People with Each Score

Your Score History

You have not taken this quiz since the last reset